Filozofia efektivity a kvality rozvoja ľudských zdrojov v ďalšom vzdelávaní (východiská riešenia problematiky vo svetle novej logiky rozvoja ľudských zdrojov v podnikaní)

Najväčšou výzvou stojacou pred manažérmi v rozvinutých krajinách, je zvýšenie produktivity ľudí pracujúcich so znalosťami a zabezpečujúcich služby. Súčasná prax riadenia rozvoja ľudských zdrojov v slovenských podmienkach. Požiadavky rozvoja kvality ľudských zdrojov v zmysle novej logiky. Ľudský pote...

Descrizione completa

Salvato in:
Dettagli Bibliografici
Autore principale: Haňdiak, Michal
Natura: Capitolo di libro
Lingua:slovacco
Soggetti:
Tags: Aggiungi Tag
Nessun Tag, puoi essere il primo ad aggiungerne!!

MARC

LEADER 00000naa$a2200000$$$4500
001 0028169
005 20230808080812.4
041 0 |a slo 
044 |a SK 
245 1 0 |a Filozofia efektivity a kvality rozvoja ľudských zdrojov v ďalšom vzdelávaní  |b (východiská riešenia problematiky vo svetle novej logiky rozvoja ľudských zdrojov v podnikaní)  |c Michal Haňdiak 
520 |a Najväčšou výzvou stojacou pred manažérmi v rozvinutých krajinách, je zvýšenie produktivity ľudí pracujúcich so znalosťami a zabezpečujúcich služby. Súčasná prax riadenia rozvoja ľudských zdrojov v slovenských podmienkach. Požiadavky rozvoja kvality ľudských zdrojov v zmysle novej logiky. Ľudský potenciál a jeho kvalita ako najcennejší a najväčší kapitál. Východiská pre riešenie problematiky rozvoja ľudských zdrojov. Systémový prístup. Úloha a miesto vzdelávania. Vzdelávanie ako garant kvality rozvoja ľudských zdrojov. 
610 2 0 |a zdroje ľudské 
610 2 0 |a kvalita 
610 2 0 |a rozvoj pracovníkov 
610 2 0 |a vedomosti 
610 2 0 |a potenciál ľudský 
610 2 0 |a rozvoj podniku 
610 2 0 |a vzdelávanie 
610 2 0 |a manažment personálny 
100 1 |a Haňdiak, Michal